[Event "Enghien les Bains 2nd"]
[Site "Enghien les Bains"]
[Date "1997.03.14"]
[Round "1"]
[White "Kortschnoj, Viktor Lvovich"]
[Black "Bacrot, Etienne"]
[Result "0-1"]
[WhiteElo "2635"]
[BlackElo "2500"]
[Annotator "Jacoby,G"]
[PlyCount "84"]
[EventDate "1997.03.14"]
[EventType "tourn"]
[EventRounds "9"]
[EventCountry "FRA"]
[EventCategory "10"]
[SourceTitle "CBM 058"]
[Source "ChessBase"]
[SourceDate "1997.06.01"]
[SourceVersion "1"]
[SourceVersionDate "1997.06.01"]
[SourceQuality "1"]

{[%mdl 48]} 1. Nf3 d5 2. b3 Bg4 3. Bb2 Bxf3 4. gxf3 Nf6 5. e3 c5 6. f4 Nc6 7.
Bg2 e6 8. d3 g6 $1 {Nachdem nach dem Tausch der schwarzfeldrige Läufer auf dem
Brett verblieben ist, stellt Schwarz seine Bauern auf weiße Felder. Die
Kontrolle über das Feld f5 blockt die weißen f-Doppelbauern.  Außerdem wird
der Läufertausch vorbereitet.} 9. c4 $2 (9. Nd2 Bg7 10. Nf3 O-O 11. Ne5 $6 Qc7
$15) 9... Bg7 10. Nc3 $2 (10. cxd5 Nb4 $15 (10... exd5 11. Nd2 O-O 12. Bxf6
Bxf6 13. Rc1 $13)) 10... O-O 11. O-O d4 $1 {Jetzt zeigt sich die Schwäche des
mit dem 9.Zug eingeleiteten weißen Planes. 12.ed4 verbietet sich wegen der
schwachen f-Bauern.} 12. Na4 $6 (12. Ne2 Ng4 13. e4 (13. Bxc6 $4 Qh4 $19) 13...
f5 14. e5 Rc8 $15 {[%cal Rh7h6,Rg6g5]}) 12... Qd6 $1 {[%csl Rd3,Rf4][%cal
Rd6f4]} 13. Rb1 Rac8 14. Bc1 b6 (14... Nh5 $6 15. Bf3 $1) 15. a3 (15. e4 Nh5
16. e5 Qe7 17. Bf3 Qh4 18. Bxh5 gxh5 19. Qf3 f6 (19... Ne7) 20. exf6 Rxf6 $17)
15... dxe3 16. fxe3 Rfd8 17. Nb2 e5 $1 {Weiß hat den Eröffnungskampf
vollständig verloren.} 18. Kh1 (18. fxe5 Nxe5 $17 {[%csl Rd3]} 19. Be4 Nxe4 20.
dxe4 Qc6) (18. f5 gxf5 (18... e4 19. dxe4 Ne5) 19. Rxf5 e4 $17) 18... exf4 19.
exf4 $17 {[%csl Rd3,Yd4,Rf4]} (19. Rxf4 {[%csl Rd3]} Ne5 $17 (19... h5 $17))
19... Nd4 20. Na4 Nf5 21. Rb2 Nh5 (21... Qxd3 $2 22. Rd2 Qe3 23. Rxd8+ $18) 22.
Rc2 Bh6 {[%csl Rd3,Rf4] Weiß geht an seinen Bauernschwächen zugrunde.} 23. Bh3
(23. Nc3 Bxf4 24. Ne4 Qe5 25. Bh3 Nd4 $17) (23. Bh3 Nxf4 24. Bg4 Nxd3 25. Bxf5
gxf5 $17) 23... Qxd3 24. Qxd3 (24. Rd2 Qxh3 $1 (24... Qe4+ 25. Bg2 Qe7) 25.
Rxd8+ Rxd8 26. Qxd8+ Bf8 27. Kg1 Ne3 28. Bxe3 Qxe3+ $19) 24... Rxd3 25. Bxf5
gxf5 26. Nc3 Nf6 27. Bb2 Kf8 28. Kg2 Re8 29. Bc1 Bg7 30. Rf3 Red8 31. b4 Rxf3
32. Kxf3 Rd3+ 33. Kg2 Ne4 $1 34. Nd5 (34. Nb5 Rd7) 34... Bd4 35. Nc7 h5 36. Nb5
h4 $1 37. Nxd4 (37. Nxa7 h3+ 38. Kf1 Rd1+ 39. Ke2 Rh1 40. Kf3 (40. Kd3 Nf2+ $19
) 40... Rf1+ 41. Ke2 Rf2+ 42. Kd3 Rg2 $1 (42... Rxc2 43. Kxc2 Bg1 $19) 43. Nc6
Nf2+ 44. Ke2 Ng4+ 45. Kd3 Nxh2 $19) 37... cxd4 38. Bb2 $2 $138 (38. c5 $142)
38... h3+ 39. Kf1 Rf3+ 40. Ke2 (40. Ke1 d3 $19) (40. Kg1 Rb3 $19 {/\d4-d3})
40... Re3+ 41. Kf1 d3 42. Rc1 Re2 {/\Ne4-g3+} 0-1

[Event "EU-chT (Men) 12th"]
[Site "Batumi"]
[Date "1999.12.06"]
[Round "8.1"]
[White "Fedorov, Alexei"]
[Black "Kortschnoj, Viktor Lvovich"]
[Result "1-0"]
[WhiteElo "2659"]
[BlackElo "2676"]
[Annotator "Kortschnoj"]
[PlyCount "115"]
[EventDate "1999.11.06"]
[EventType "team-swiss"]
[EventRounds "9"]
[EventCountry "GEO"]
[SourceTitle "CBM 074"]
[Source "ChessBase"]
[SourceDate "2000.02.01"]
[SourceVersion "1"]
[SourceVersionDate "2000.02.01"]
[SourceQuality "1"]
[WhiteTeam "Belarus"]
[BlackTeam "Switzerland"]
[WhiteTeamCountry "BLR"]
[BlackTeamCountry "SUI"]

1. e4 {Finkel,A} e6 2. d4 d5 3. Nc3 Nf6 4. e5 Nfd7 5. f4 c5 6. Nf3 Nc6 7. Be3
a6 8. Qd2 cxd4 9. Nxd4 Bc5 10. O-O-O O-O 11. h4 Nxd4 12. Bxd4 b5 13. Rh3 {
Finkel,A: '>< c3'} (13. h5 {Finkel,A} b4 14. Ne2 (14. Na4 Bxd4 15. Qxd4 a5 {
Nunn,J-Lputian,S/Manila ol/1992/} (15... f6 $1 $36)) 14... a5 15. Bxc5 Nxc5 16.
Qe3 Qb6 {Smirin,A-Lputian,S/Rostov/1993/}) 13... b4 (13... Qb6 {Finkel,A} 14.
h5 Ra7 15. Rg3 Bxd4 16. Qxd4 Qxd4 17. Rxd4 Nb8 18. Rd2 Nc6 19. Ne2 b4 20. Nd4
Bd7 $10 {Tischbierek,R-Zysk,R/BL9293/}) (13... Bb7 $5 {Finkel,A} 14. h5 b4 15.
Na4 Bxd4 16. Qxd4 Qa5 17. b3 Bc6 18. Nb2 Rfc8 $1 $10 {Tischbierek,R-Knaak,R/
BL9293/}) 14. Na4 Bxd4 15. Qxd4 a5 (15... f6 $6 $146 {Finkel,A} 16. Qxb4 $1
fxe5 17. Qd6 $1 Qf6 18. f5 $3 Qh6+ 19. Kb1 Rxf5 20. Rf3 $1 Rxf3 21. gxf3 $16 {
Kasparov,G-Short,N/Amsterdam VSB 1994}) (15... Qa5 {Finkel,A} 16. b3 Bb7 17. c3
$1 (17. Kb1 Bc6 18. c3 $14) 17... Rfc8 18. Kb2 bxc3+ 19. Rxc3 Rxc3 20. Qxc3 $14
{Nijboer,F-Luther,T/Leuwaarden/1992/}) 16. Bb5 {'!?' Finkel,A.} (16. c4 $5 {
Finkel,A} bxc3 17. Rxc3 Qxh4 18. g3 Qd8 19. Kb1 Ba6 20. Bxa6 Rxa6 21. Rh1 $13 {
Nijboer,F-Korchnoi,V/Sonsbeek SNS 1999}) (16. b3 $6 {Finkel,A} Ba6 17. Kb1 Bxf1
18. Rxf1 Qc7 19. h5 Ra6 20. Re3 Rc6 21. Rf2 f6 22. Ree2 h6 $15 {Kulish,
I-Matveeva,S/Rostov on Don-W 1995}) 16... Rb8 (16... Qc7 {Finkel,A} 17. Kb1 Rb8
18. c4 Nb6 19. c5 Nxa4 20. Bxa4 Ba6 21. Rc1 Rfc8 $132 {De la Riva,O-Comas
Fabrego,L/Barcelona op 1996}) 17. Bd3 (17. Be2 {Finkel,A} Bb7 18. Kb1 Bc6 19.
Nc5 Bb5 20. Bd3 Nxc5 21. Qxc5 Qd7 22. Qf2 $13 {De la Riva Aguado,O-Glek,I/Open
1999}) 17... Bb7 {'?!' Finkel,A.} (17... Qc7 18. Re1 (18. h5 {Finkel,A} Bb7 19.
g4 Rfc8 20. Rh2 Qc6 21. b3 Ba6 22. Bxa6 Qxa6 23. f5 Qc6 24. Qf4 Qc7 $13 {
Fogarasi,T-Luther,T/Kecskemet 1993}) 18... Qc6 19. b3 Ba6 $14 {
Arahamia-Matveeva,1995} (19... Ba6 20. Bxa6 Qxa6 21. Rg3 Rbc8 22. f5 Qc6 23.
Re2 Kh8 $13 {Arakhamia,K-Matveeva,S/Kishinev izt-W 1995})) (17... Nb6 $5 18.
Nc5 Nd7) 18. f5 {'!' Finkel,A.} Qc7 (18... Bc6 19. Nc5 Nxc5 (19... Qb6 20. f6
$1 (20. Nb3 Qxd4 21. Nxd4 Nxe5 $11) 20... Qxc5 21. Qg4 g6 22. Qg5 Rfc8 23. h5
$18) 20. Qxc5 Qb6 $14) 19. Re1 exf5 (19... Bc6 20. Nc5 $14 (20. f6 Bxa4 21. Qg4
g6 22. Qg5 Nc5 $13)) ({Black doesn't have a time to create the counterplay on
the queenside.} 19... Qc6 $6 {Finkel,A} 20. Rg3 Qxa4 $6 21. Qg4 $1 (21. f6 $2
g6 22. Qf4 Kh8 23. Qh6 Rg8 24. h5 Nf8 25. hxg6 fxg6 26. Rh1 Qd7 $19) 21... g6
22. fxg6 fxg6 23. Bxg6 Kh8 24. Be8 $3 $18 {[%csl Gg7]}) 20. Bxf5 Bc6 21. Nc5
Nxc5 22. Qxc5 Rfe8 23. Rhe3 ({Of course not} 23. e6 $2 {Finkel,A} Qf4+ 24. Kb1
Qxf5 25. Qxc6 Rxe6 $19) 23... Qb6 24. Qxb6 Rxb6 $14 25. e6 {'+/=' Finkel,A.} (
25. Kd2 d4 $11) 25... g6 ({Deserved attention} 25... f6 $5 {(Finkel,A) with
good chances to defend the arising endgame.}) 26. exf7+ Kxf7 27. Be6+ Kg7 28.
Bg4 Rbb8 29. Kd2 (29. Re6 Bd7 30. Re7+ Kf6 31. Rxe8 Rxe8 $11) 29... Re4 $1 ({
Also after} 29... Rxe3 {Finkel,A} 30. Rxe3 Rf8 31. Re7+ Kh6 32. Bf3 Rf4 33. h5
$14 {black's life is not easy.}) 30. Bf3 Rxe3 (30... Rxh4 31. Re7+ Kh6 32. Ra7
$16 (32. Rc7 {Finkel,A} Re8 $5 (32... Bb5 33. Ree7 Kg5 $1 34. Re5+ (34. Rxh7
Rxh7 35. Rxh7 d4 36. Re7 Rf8 $1 $11) 34... Kf4 35. Rxd5 Kg3 36. Rg5+ Kf2 37. c3
$14) 33. Rxe8 (33. Rxc6 $4 Rd4+ 34. Kc1 Rxe1+ 35. Bd1 Rdxd1#) 33... Bxe8 34.
Rc5 a4 35. Bxd5 $14) (32. R1e6 $6 Rb7 $1 33. Rxb7 Bxb7 34. Rb6 Bc8 35. Rb5 a4
$11)) 31. Rxe3 Kf6 32. Bg4 (32. Kd3 $5 Rc8 $1 $13 (32... Bb5+ 33. Kd4 Rc8 34.
Bd1 Rc4+ 35. Kxd5 Rxh4 36. Kc5 $14)) 32... Re8 33. Rf3+ (33. Rxe8 {Finkel,A}
Bxe8 34. Ke3 Ke5 35. c3 bxc3 36. bxc3 h6 $11) 33... Ke7 (33... Ke5 {Finkel,A}
34. Rf7 h6 35. Bf3 a4 36. a3 $14) 34. Rf4 Kd6 35. Bf3 Re7 36. Rf6+ Re6 $4 {
A blunder. Black was going to play 36...Kc5 and considered the position about
equal. Still, due to activity of the white rook white had an edge. White's
plan would be-to place his pawn to g5, bishop to d3, rook to h8, and finally
to play h4-h5. In order to hinder that plan, black had to play d5-d4, thus
activating his bishop...} (36... Kc5 {Finkel,A} 37. g4 Bb5 38. g5 $14) 37. Rf7
{'+/-!' Finkel,A.} Re7 $2 {'?!' Finkel,A. Finkel,A: 'As it oftenly happens one
mistake drags the other:the arising endgame is absolutely hopless so it was
nessasary to play 37...h5!?' This move, practically, is losing on the spot.} ({
More stubborn was} 37... h5 {White's attempt to win a pawn right away by} 38.
g4 {would fail due to} Be8) (37... h6 $6 {Finkel,A} 38. Bg4 $1 Re4 39. Rf6+ Ke5
40. Rxg6 Be8 41. Re6+ Kf4 42. Bh3 $16) 38. Rxe7 Kxe7 39. Ke3 Ba4 40. c3 bxc3
41. bxc3 Kd6 42. Kd4 $18 Bc6 43. g3 {Finkel,A: 'Sooner or later black bishop
will have to move from c6 and then c4 will decide th game.'} h6 (43... a4 {
Finkel,A} 44. a3) 44. Bg2 g5 45. hxg5 hxg5 46. Bf3 {'(.)' Finkel,A.} Bb7 47. c4
Bc8 48. Bxd5 Bg4 49. c5+ Kc7 50. Ke5 Be2 51. Kf5 g4 52. Kf4 Kd7 53. a3 Bd1 54.
Be4 Kc7 55. Bf5 Kc6 56. Bxg4 Ba4 57. Ke5 Kxc5 58. Be6 1-0

[Event "Flamenco Veterans-Women"]
[Site "Marbella"]
[Date "1999.11.01"]
[Round "10"]
[White "Cramling, Pia"]
[Black "Kortschnoj, Viktor Lvovich"]
[Result "1/2-1/2"]
[WhiteElo "2504"]
[BlackElo "2676"]
[Annotator "Golod,V"]
[PlyCount "46"]
[EventDate "1999.10.21"]
[EventType "schev"]
[EventRounds "10"]
[EventCountry "ESP"]
[SourceTitle "CBM 074"]
[Source "ChessBase"]
[SourceDate "2000.02.01"]
[SourceVersion "1"]
[SourceVersionDate "2000.02.01"]
[SourceQuality "1"]

1. d4 Nf6 2. c4 e6 3. Nc3 Bb4 4. Qc2 O-O 5. a3 Bxc3+ 6. Qxc3 d6 7. Bg5 Nbd7 $5
{Besides this move black has several options:} (7... Qe7 $5 {See comments to
Van Wely,L-Van der Wiel, J/Rotterdam,1998/CBM 66(1-0)   (Golod,V)(24)}) (7...
Nc6 $5) (7... h6) (7... Re8 $5) ({and} 7... b6) 8. e3 b6 9. Bd3 Bb7 ({Other
alternatives are:} 9... Ba6) ({and} 9... c5) 10. f3 c5 11. Ne2 ({In my opinion
slightly worse is:} 11. dxc5 {See comments to Lev,R-Wells,P/Herzliya, 1998/CBM
68(1/2-1/2)(Golod,V)(28)}) 11... Rc8 ({Also} 11... h6) ({and} 11... cxd4 {
repeatedly was checked in the previous games.}) 12. b4 $6 {[%mdl 4] Besides
white has few options:} (12. O-O) (12. Qd2 {See comments to Toth,C-Razuvaev,Y/
Dortmund,1992/CBM 29(0-1)(Dautov)(30)}) (12. Qb3 {See comments to Adianto,
U-Karpov,A/ Jakarta,1997/CBM 63(1-0)(Ftacnik)(61)}) 12... h6 {Is the best move!
} ({Senselessly:} 12... Ba6 {because of:} 13. dxc5 bxc5 14. b5 Bb7 15. O-O $14
{Sokolov,I-Van der Wiel,J/NLD-ch,1995(1-0) (32)}) (12... cxd4 $6 13. exd4 Ba6
14. Qb3 d5 15. c5 Bxd3 16. Qxd3 e5 17. O-O exd4 18. cxb6 Qxb6 19. Qxd4 {
+/=/= Ivanov,S-Kveinys,A/Augustow,1996(0-1) (37)}) 13. Bh4 $140 d5 ({Again
dubious:} 13... cxd4 14. exd4 Ba6 15. Qb3 d5 16. c5 Bxd3 17. Qxd3 e5 18. O-O
exd4 19. cxb6 Ne5 20. Qxd4 Nc6 21. Qd2 Qxb6+ 22. Kh1 $14 {Kharlov,A-Eismont,O/
Kazan,1995(1-0)(35)}) 14. bxc5 $146 ({Dubious:} 14. dxc5 $6 {in view of:} bxc5
15. b5 $140 Ne4 $1 (15... Nb6 $6 16. O-O Ne4 17. Qe1 g5 18. cxd5 exd5 19. Bg3
Nxg3 20. Nxg3 d4 21. Nf5 $14 {Stohl,I-Polak,T/Zlin,1995(1/2-1/2)(43)}) 16. Bxd8
Nxc3 17. Ba5 (17. Be7 $143 Rfe8 18. Bd6 $6 (18. Nxc3 $142) 18... dxc4 19. Bxc4
Nb6 20. Bd3 Nca4 $15 {Wang Lei-Peptan,C/Erevan,1996(0-1)(57)}) 17... Ne5 18.
Bxc3 (18. Kd2 $6 Na4 19. Rhb1 Nb6 20. Bxb6 axb6 21. Nc1 (21. Kc3 $142 $15)
21... Rfd8 $17 {Skomorokhin,R-Almasi,Z/HUN-chT,1995 (0-1)(73)}) 18... Nxd3+ 19.
Kd2 dxc4 20. Kc2 e5 {=/=/+ Kelecevic,N-Ekstroem,R/SWZ-chT,1995 (1-0)(79)}) ({
After:} 14. cxd5 {black equalizes:} Nxd5 15. Bxd8 Nxc3 16. Bh4 cxd4 (16... Nxe2
17. Kxe2 cxd4 18. exd4 Nf6 19. Rac1 {1/2-1/2 Alterman,B-Huzman,A/Dresden,1998 
(19)}) 17. exd4 Nf6 18. Rc1 Nxe2 19. Kxe2 Rfd8 20. Rhd1 Kf8 21. Bxf6 gxf6 22.
Ke3 $11 {Atalik,S-Wells,P/Szeged,1997(1/2-1/2)(30)}) 14... bxc5 15. cxd5 {
Is the obligatory move.Differently after:} (15. O-O $6 cxd4 16. Qxd4 Ba6 17.
Qxa7 (17. Rfc1 $143 e5 (17... Nc5 $5) 18. Bxf6 (18. Qxa7 $4 Ra8 {[%csl Ra7]}
19. Bxf6 gxf6 $19) 18... exd4 19. Bxd8 Rfxd8 $15) 17... Bxc4 18. Bxc4 Rxc4 {
black has a positional advantage.}) 15... Nxd5 {[%csl Rc3,Rh4]} ({Badly:} 15...
c4 {because of:} 16. Bc2 Nxd5 (16... exd5 17. Rb1 $14) 17. Bxd8 Nxc3 18. Nxc3
Rfxd8 19. Rb1 $14) 16. Bxd8 $8 (16. Bh7+ {is refuted by:} Kh8 (16... Kxh7 $4
17. Qd3+ {[%csl Rd8,Rh7]}) 17. Bxd8 Nxc3 18. Nxc3 Rfxd8 $17 {[%csl Rc3,Rh7]
[%cal Gc5d4]}) 16... Nxc3 17. Bh4 ({Also equality after:} 17. Ba5 Nxe2 18. Kxe2
cxd4 19. exd4 Nf6) ({Dubious:} 17. Be7 {in view of:} Rfe8 18. Bd6 cxd4 19. Nxd4
(19. exd4 $2 e5 $1 $17 {[%csl Re1]}) 19... Nc5 {=/=/+}) 17... cxd4 18. exd4 ({
Much worse is:} 18. Nxd4 Ne5 $36) 18... Na4 ({Can be recommended:} 18... Nb6)
19. Rb1 Ndb6 20. Kd2 $5 $11 {/\Rhc1} Bd5 21. Rhc1 Nc4+ ({A little worse is:} 
21... Bc4 22. Rc2 Bxd3 23. Kxd3 Rxc2 24. Kxc2 Nd5 (24... Rc8+ $143 25. Kb3 {
[%csl Ra4]}) 25. Rb7 Rc8+ 26. Kd3 Rc7 $11) 22. Bxc4 Bxc4 23. Nc3 Nxc3 (23...
Nb6 $2 24. Be7 Rfe8 25. Bc5 $14 {[%csl Ra7,Rb6]}) (23... Nxc3 24. Rxc3 Bd5 $11)
1/2-1/2

[Event "WchT 4th"]
[Site "Luzern"]
[Date "1997.10.26"]
[Round "2.1"]
[White "Short, Nigel D"]
[Black "Kortschnoj, Viktor Lvovich"]
[Result "1/2-1/2"]
[WhiteElo "2660"]
[BlackElo "2610"]
[Annotator "Kortschnoj"]
[PlyCount "70"]
[EventDate "1997.10.25"]
[EventType "team-tourn"]
[EventRounds "9"]
[EventCountry "SUI"]
[SourceTitle "CBM 062"]
[Source "ChessBase"]
[SourceDate "1998.01.31"]
[SourceVersion "1"]
[SourceVersionDate "1998.01.31"]
[SourceQuality "1"]
[WhiteTeam "England"]
[BlackTeam "Switzerland"]
[WhiteTeamCountry "ENG"]
[BlackTeamCountry "SUI"]

1. e4 c5 2. Nf3 Nc6 3. d4 cxd4 4. Nxd4 g6 5. c4 Nf6 6. Nc3 d6 7. Be2 Nxd4 8.
Qxd4 Bg7 9. Be3 O-O 10. Qd2 Be6 11. Rc1 Qa5 12. f3 Rfc8 13. b3 a6 14. Na4 Qxd2+
15. Kxd2 Nd7 16. g4 (16. Nc3 Nf6 17. Nd5 Nxd5 18. cxd5 Bd7 19. Rxc8+ Rxc8 20.
Rc1 Rxc1 21. Kxc1 f5 {1/2-1/2 Spassky,B-Sosonko,G/Tilburg 1981/MCD-r8}) 16...
Rc6 {16...f5} (16... Rcb8 17. Nc3 Bxc3+ 18. Rxc3 b5 19. cxb5 axb5 20. Rc2 b4
21. Kc1 Ra3 22. Bd4 f6 23. Kb1 Kf7 24. f4 Kf8 25. Rhc1 Ra5 26. Rc8+ Rxc8 27.
Rxc8+ Kg7 28. Rc7 {1-0 Ribshtein,N-Bar,A/ISR-ch U18 1997/EXP 58}) 17. h4 {
17.Sc3!?+/=} Kf8 (17... h6 18. Nc3 f5 19. Nd5 Kf7 20. exf5 gxf5 21. g5 hxg5 22.
hxg5 Nf8 23. f4 Ke8 24. Bf3 Rb8 25. Nb4 Rc7 26. Bb6 Rd7 27. Rce1 Bf7 28. Nd5 e6
29. Nc7+ Ke7 30. Nd5+ Ke8 31. Nf6+ Bxf6 32. gxf6 {Soffer,R-Almasi,I/Budapest
FS06 GM 1993/EXT 93/1-0 (47)}) (17... Nc5 18. Nc3 b5 19. Nd5 Bxd5 20. exd5 Rcc8
21. b4 Nd7 22. cxb5 axb5 23. Rxc8+ Rxc8 24. Rc1 Rxc1 25. Kxc1 Nf6 26. Bxb5 Nxd5
27. Bd2 Nc3 28. Bc4 d5 29. Bb3 e6 30. a4 Ne2+ 31. Kb1 f5 32. a5 Be5 33. Be3 d4
34. Bxe6+ Kg7 35. Bd2 fxg4 36. fxg4 Kf6 37. Bc4 Nc3+ 38. Kc2 {1-0 Kalod,
R-Papadopoulou,T/EUCup Gr4 1995/EXP 50}) 18. h5 Rac8 19. hxg6 (19. g5 gxh5 $1 (
19... b5 20. cxb5 Rxc1 21. Rxc1 Rxc1 22. Kxc1 axb5 23. h6 (23. Bxb5 gxh5 $13)
23... Bxh6 24. Bxb5 $16) 20. f4 (20. Rxh5 b5 $15) 20... b5 21. Nc3 bxc4 22. b4
f5 $15) 19... hxg6 20. g5 Nc5 21. Nc3 (21. Nxc5 dxc5 22. f4 Rd6+ 23. Kc2 Bd4
24. Bxd4 Rxd4 25. Bd3 Rcd8 $11) 21... b5 22. Nd5 $6 (22. cxb5 $1 axb5 (22...
Nxb3+ 23. axb3 Bxc3+ (23... Rxc3 24. bxa6 $16) 24. Rxc3 Rxc3 25. Rh8+ Kg7 26.
Bd4+ f6 27. Rxc8 Rxc8 28. bxa6 $16) 23. Nxb5 Ra6 24. Rc2 Nxe4+ 25. fxe4 Rxc2+
26. Kxc2 Rxa2+ 27. Kd3 d5 $1 28. Nd4 dxe4+ 29. Kxe4 Bxb3 30. Rc1 Bxd4 31. Rc8+
Kg7 32. Bxd4+ f6 $14) 22... bxc4 23. Bxc4 a5 24. Bb5 Bxd5 25. exd5 R6c7 26. Bc6
Kg8 $1 $11 27. Rc4 e6 28. Rhc1 Rd8 29. R1c2 exd5 30. Bxd5 Re7 31. Bd4 Rde8 32.
Bxg7 Re2+ 33. Kc3 R8e3+ 34. Kb2 Kxg7 35. Rd4 Nd3+ (35... Nd3+ 36. Rxd3 Rxd3 37.
Rxe2 Rxd5 38. f4 Rd4 39. Rf2 f6 $11) 1/2-1/2

[Event "Corus"]
[Site "Wijk aan Zee"]
[Date "2000.01.25"]
[Round "9"]
[White "Kortschnoj, Viktor Lvovich"]
[Black "Nikolic, Predrag"]
[Result "0-1"]
[WhiteElo "2659"]
[BlackElo "2659"]
[Annotator "Ribli,Z"]
[PlyCount "38"]
[EventDate "2000.01.15"]
[EventType "tourn"]
[EventRounds "13"]
[EventCountry "NED"]
[EventCategory "18"]
[SourceTitle "CBM 075"]
[Source "ChessBase"]
[SourceDate "2000.04.05"]
[SourceVersion "1"]
[SourceVersionDate "2000.04.05"]
[SourceQuality "1"]

1. Nf3 Nf6 2. c4 e6 3. g3 a6 {Dieser Zug wurde zuerst von Großmeister
Romanishin gespielt. Schwarz bereitet aktives Spiel am Damenfluegel mit b7-b5
vor.} 4. Nc3 (4. Bg2 b5 5. b3) 4... d5 {Nach diesem Zug entsteht eine für das
Damengambit typische Stellung.} 5. cxd5 {Dieser Zug ist praktisch erzwungen,
denn der Springer steht unglücklich auf c3 und Weiß muss immer mit dxc4, oder
d4 rechnen. Ich möchte anmerken, dass der Springer in katalanischen Stellungen
auf c3 gewöhnlich nicht so gut steht.} (5. Bg2 d4 $15 (5... dxc4 6. Ne5 Qd4 $13
)) (5. d4 dxc4 6. Bg2 b5 7. Ne5 Ra7 $17) 5... exd5 6. Bg2 Be7 (6... c6) (6...
Bd6) (6... d4 $2 7. Qa4+ Nc6 8. Nxd4 $18) 7. O-O O-O 8. d4 {Weiß muss jetzt so
spielen, sonst ist immer mit d5-d4 zu rechnen.} c6 $11 {Es ist wahr, dass das
frühe a6 sich nicht als besonders nuetzlich erweist, dennoch hat Schwarz eine
bequeme Stellung: Der Bc8 ist nicht eingeschlossen - wie es sonst in
katalanischen Stellungen üblich ist - und der Bg2 hat keine große Zukunft
wegen der Bauernkette b7-c6-d5.} 9. Ne5 (9. Bf4 Nbd7 10. Qc2 (10. Qb3 Re8 11.
Rfe1 Nh5 12. Bd2 Nb6 13. Rad1 Be6 14. Qc2 Nf6 15. Ne5 Nfd7 16. e4 Nxe5 17. dxe5
d4 18. Bc1 c5 19. Ne2 Bc4 20. Nf4 Rf8 21. b3 Bb5 22. a4 Bc6 23. Nd3 c4 {
0-1 Novik,M-Lugovoi,A/St Petersburg 1992/CBM 28 ext (56)}) 10... Re8 11. Rad1
Nf8 12. Ne5 Bd6 13. e4 Nxe4 14. Nxe4 dxe4 15. Bxe4 Be6 16. d5 cxd5 17. Bxd5
Bxe5 18. Bxe6 Qf6 19. Bxe5 Qxe6 20. Bd6 Qxa2 {1/2-1/2 Pigusov,E-Aseev,K/
Kemerovo 1995/CBM 50 (20)}) 9... Nbd7 (9... a5 10. b3 Na6 11. Bb2 Re8 12. Qd2
Bd6 13. Rad1 Bf5 14. h3 Bg6 15. e3 Qe7 16. Rfe1 Nc7 17. Nxg6 hxg6 18. e4 dxe4
19. Nxe4 Bb4 20. Bc3 Nxe4 21. Rxe4 Qd6 22. Qc2 Rxe4 {1/2-1/2 Ftacnik,
L-Rogozenko,D/Koszalin 1998/CBM 65 ext (22)}) 10. f4 (10. Bf4 $11) 10... Bb4 $5
$146 {[%csl Ye4] Schwarz spielt gegen das Feld e4.} (10... Ne8 {[%csl Ye4]
[%cal Ge8d6,Gd6e4,Gf7f6,Gf6e5] Schwarz bereitet das Springermanöver Nd6-e4 vor
und kann anschließend den weißen Ne5 mit f7-f6 verjagen.} 11. Be3 Nd6 12. Kh1
Nf6 13. Bg1 Bf5 14. h3 Nfe4 15. Nxe4 Bxe4 16. Bxe4 Nxe4 17. Kg2 Bd6 18. Rf3 Qe7
19. Nd3 Rae8 20. Qc2 Bb8 21. Rd1 f6 {0-1 Pribyl,J-Eingorn,V/Schwaebisch Gmuend
1998/CBM 62 ext (32)}) 11. Qb3 (11. Bd2 $11) 11... a5 (11... Qb6 12. e3 $11 (
12. Na4 Qb5 (12... Qa5) (12... Qxd4+ 13. Be3 $18 {[%csl Rd4]}) 13. Nc3 Bxc3 (
13... Qb6 $11) 14. bxc3 Qxe2 15. Ba3 $44)) 12. a3 Bxc3 {Wenn Schwarz schon 10..
.Bb4 spielt, muss er so fortsetzen.} (12... Bd6) (12... Be7) 13. bxc3 a4 {
Ein Zug, der Raum gewinnt - sonst kann Weiß a3-a4 spielen, mit der Idee Ba3.}
14. Qc2 Nb6 15. Rb1 {[%cal Gb1b8]} (15. c4 dxc4 16. Rd1) 15... Ne8 {[%csl Yc4,
Ye4][%cal Ge8d6] Schwarz hat einen klaren Plan: 16...Nd6 mit der taktischen
Drohung Bf5, oder dem Positionellen Nbc4.} 16. c4 $8 {Sonst gerät Weiß in eine
passive Stellung ohne Gegenspiel.} dxc4 17. Rd1 Nd6 18. Bd2 $4 {[%mdl 8192]
Ein unglaublicher Fehler! Mit dem Läuferzug möchte Weiß 19.Bb4 vorbereiten,
aber dafür bleibt ihm keine Zeit.} (18. e4 $44 f5 (18... f6 19. f5 $13) 19. d5
$13) 18... Bf5 {[%cal Rf5b1]} 19. e4 Nxe4 $1 {Weiß gibt auf- er hat schon zwei
Bauern weniger und eine verlorene Stellung.} (19... Nxe4 20. Bxe4 Qxd4+ 21. Kf1
Bxe4 $19) 0-1